Administración de documentos y archivos: planteos para el siglo XXI

Збережено в:
Бібліографічні деталі
Автор: Vázquez Murillo, Manuel (Автор)
Формат: Книга
Мова:Іспанська
Опубліковано: Buenos Aires Alfagrama 2004
Редагування:1a. ed
Предмети:
Теги: Додати тег
Немає тегів, Будьте першим, хто поставить тег для цього запису!

MARC

LEADER 00000cam a2200000 a 4500
001 UCE9463
003 CL-VaPUC
008 151022e20040000ag |||||||||||||||||spa|d
020 |a 9879561562 
082 0 4 |a 025  |b VAZ  |2 21 
100 0 |a Vázquez Murillo, Manuel  |e author  |9 582302 
245 1 0 |a Administración de documentos y archivos: planteos para el siglo XXI 
250 |a 1a. ed 
300 |a 144 p 
942 |c BK 
945 |d 20151022 17:18:00  |a dcastane 
260 |a Buenos Aires  |b Alfagrama  |c 2004 
650 0 |a Archivística  |9 490081 
650 0 |a Archivología   |9 514324 
650 7 |a DOCUMENTACION  |2 CL-VaPUC  |9 256928 
583 |a last modification  |c 20151022 17:18:00  |k Rodrigo Vera 
999 |c 361127  |d 361125 
952 |0 0  |1 0  |3 erb  |4 0  |6 025_000000000000000_VAZ_2004  |7 0  |8 X  |9 471460  |a FDOBUD  |b FDOBUD  |i 5244242  |o 025 VAZ 2004  |p 5244242  |r 2019-11-24  |w 2019-11-24  |y BK_X  |z Catalogado en:20151022  |k BUD